00333nam a2200121Ia 4500008004100000041000800041082001500049100002100064245004400085260004200129300003100171365000900202240624s9999 xx 000 0 und d aeng a332.64 GOL aGOLDBERG RICHARD aBATTLE FOR WALL STREET BEHIND THE LINES c2009aNew JerseybJohn Wiley and Sons axvi, : 240 : p. : cm. ; 23 cb30